00906nam a22002657a 4500001000400000003000600004005001700010008004100027020001800068040003000086042000900116050002200125082001500147100001900162245008500181250003000266260003600296300005900332505000600391520014100397521001900538521002000557650002200577700004100599333FISKH20240716142443.0230324b cb ||||| |||| 00| 0 eng d a9780439664745 aDLCcDLCdDLCdFISKHbeng alcac00aPZ7.L856bHo 200300a811.542211 aLong, Melinda.10aHow I became a pirate /cwritten by Melinda Long ; illustrated by David Shannon. aFirst scholastic printing aNew York :bScholastic.c2004. a36 unnumbered pages : bcolor illustrations ; c28 cm  aH aJeremy Jacob joins Braid Beard and his pirate crew and finds out about pirate language, pirate manners, and other aspects of their life.8 a470 bLexile 8 aH bRaz-Plus  1aPiratesvFiction.1 aShannon, David,d1959-eillustrator